| 000 | 00728nmc a2200277 a 4500 | ||
|---|---|---|---|
| 003 | AR-BaBNM | ||
| 005 | 20251128204546.0 | ||
| 008 | 011101s1995 ||||||||||||||000 | spa|| | ||
| 020 | _a950-701-097-1 | ||
| 040 | _cAR-BaBNM | ||
| 100 | 1 | _aMarín, Marta | |
| 245 | 1 | 0 |
_aConceptos claves _bgramática, linguística y literatura |
| 250 | _a2ª ed. | ||
| 260 |
_aBuenos Aires _bAique _c1995 |
||
| 300 |
_a239 p. _bdiagr., gráfs. |
||
| 490 | 0 | _aSerie de la palabra | |
| 504 | _aContiene bibliografía en p. 238-240 | ||
| 650 | 4 | _aTEORIA LITERARIA | |
| 650 | 4 | _aLINGUISTICA | |
| 650 | 4 | _aGRAMATICA | |
| 650 | 4 | _aSINTAXIS | |
| 650 | 4 | _aSEMANTICA | |
| 650 | 4 | _aMORFOLOGIA [LINGUISTICA] | |
| 942 | _cBK | ||
| 998 | _cLAURA | ||
| 999 |
_c7923 _d7923 |
||